000
002890000a22001090004500
100
1
_a
Ingleby, Jonathan
245
1
0
_a
Globalisation, empire and mission joining the battle
300
_a
Vol. 21, Núm 2 2003), Páginas 1-4
500
_a
Suplemento interno
773
0
_t
Evangel
942
_c
ANA
999
_c
54358
_d
54358